Eurowizja 2023 (Drugi półfinał) - Statystyki

Ogólne statystyki
  • Ten quiz został rozwiązany 98 razy
  • Średni wynik to 12 z 16
Statystyki odpowiedzi
Miejsce Państwo Punkty % Poprawnych
3. Polska 124
95%
1. Australia 149
85%
12. Gruzja 33
85%
2. Austria 137
84%
16. Rumunia 0
84%
15. San Marino 0
81%
10. Estonia 74
77%
11. Islandia 44
75%
9. Albania 83
73%
6. Armenia 99
73%
4. Litwa 110
73%
7. Cypr 94
71%
14. Dania 6
71%
5. Słowenia 103
71%
8. Belgia 90
70%
13. Grecja 14
67%
Nie znaleziono quizów pasujących do podanych kryteriów
Rozkład punktacji
Procent ludzi z każdym wynikiem
Percentyl według liczby udzielonych odpowiedzi
Twoja historia wyników
Nie rozwiązałeś tego quizu